[Event "Mostoles op 11th"]
[Site "Mostoles"]
[Date "2022.07.25"]
[Round "9"]
[White "Huerta Navarro, Eusebio"]
[Black "Olmedo Alvarez, Marcos"]
[Result "1-0"]
[WhiteElo "1652"]
[BlackElo "1333"]
[PlyCount "94"]
[EventDate "2022.07.17"]
[EventType "swiss"]
[EventRounds "9"]
[EventCountry "ESP"]
[SourceTitle "EXT 2024"]
[Source "ChessBase"]
[SourceDate "2023.10.10"]
[SourceVersion "1"]
[SourceVersionDate "2023.10.10"]
[SourceQuality "1"]

1. e4 c5 2. Nf3 g6 3. d4 cxd4 4. Nxd4 Bg7 5. Nc3 Nc6 6. Be3 Nf6 7. Be2 0-0 8. 0-0 d5 9. Nxc6 bxc6 10. exd5 cxd5 11. Bf3 Be6 12. Bd4 Qd7 13. Bxf6 Bxf6 14. Bxd5 Rad8 15. Bxe6 Qxe6 16. Qf3 Bxc3 17. Qxc3 Rc8 18. Qb3 Qc6 19. c3 e6 20. Rad1 Rb8 21. Qc2 a5 22. Rd2 Rb5 23. Rfd1 Rg5 24. g3 Rd5 25. Rxd5 exd5 26. Qd3 Rd8 27. Rd2 a4 28. c4 Qc5 29. cxd5 Qc1+ 30. Kg2 Re8 31. Re2 Rxe2 32. Qxe2 Qc5 33. Qd2 Qd6 34. b4 axb3 35. axb3 Kg7 36. Qd4+ f6 37. b4 Qd7 38. Qc4 Qa4 39. d6 Qa8+ 40. f3 Qa1 41. d7 Qb2+ 42. Kh3 Qd2 43. Qg4 Qd1 44. Qe6 Qf1+ 45. Kg4 f5+ 46. Kh4 Qxf3 47. Qe7+ Kh6 1-0

[Event "Colmenarejo Autumn op 29th"]
[Site "Colmenarejo"]
[Date "2019.10.13"]
[Round "5"]
[White "Olmedo Alvarez, Marcos"]
[Black "Rijpkema, Rimme"]
[Result "0-1"]
[WhiteElo "1337"]
[BlackElo "1481"]
[PlyCount "92"]
[EventDate "2019.09.15"]
[EventType "swiss"]
[EventRounds "7"]
[EventCountry "ESP"]
[SourceTitle "EXT 2021"]
[Source "ChessBase"]
[SourceDate "2020.10.23"]
[SourceVersion "1"]
[SourceVersionDate "2020.10.23"]
[SourceQuality "1"]

1. e4 c5 2. Nf3 d6 3. d4 cxd4 4. Nxd4 g6 5. Nc3 Bg7 6. Be3 Nf6 7. f3 0-0 8. Qd2 e5 9. Ndb5 Nc6 10. Bc4 Qe7 11. 0-0-0 Rd8 12. h4 a6 13. Nxd6 Be6 14. Bxe6 Qxe6 15. Kb1 Bf8 16. Bc5 Bxd6 17. Bxd6 Ne8 18. h5 Rxd6 19. Nd5 Rad8 20. Qh6 Ng7 21. Qg5 f6 22. Qd2 Nxh5 23. g4 Nf4 24. Qh2 R8d7 25. c4 Nd4 26. Rxd4 exd4 27. Qxf4 Qe5 28. Qxe5 fxe5 29. g5 Rf7 30. c5 Rc6 31. Rf1 Rxc5 32. Nf6+ Rxf6 33. gxf6 Kf7 34. f4 exf4 35. Rxf4 Re5 36. Kc2 g5 37. Rg4 h5 38. Rg3 Kxf6 39. Kd3 g4 40. Kxd4 Ke6 41. a4 Rg5 42. b4 h4 43. Rc3 g3 44. Rc1 h3 45. Ke3 g2 46. Kf2 h2 0-1

[Event "Collado Villalba 64 op 7th"]
[Site "Collado Villalba"]
[Date "2019.08.04"]
[Round "9"]
[White "Olmedo Alvarez, Marcos"]
[Black "Reyes Garcia, Gilberto"]
[Result "0-1"]
[WhiteElo "1357"]
[BlackElo "1482"]
[PlyCount "92"]
[EventDate "2019.07.29"]
[EventType "swiss"]
[EventRounds "9"]
[EventCountry "ESP"]
[SourceTitle "CBM 195 Extra"]
[Source "ChessBase"]
[SourceDate "2020.05.31"]
[SourceVersion "1"]
[SourceVersionDate "2020.05.31"]
[SourceQuality "1"]

1. e4 c5 2. Nf3 d6 3. d3 Nf6 4. g3 Nc6 5. Bg2 g6 6. 0-0 Bg7 7. c3 0-0 8. Nbd2 Rb8 9. Re1 Re8 10. Nf1 Bg4 11. h3 Bd7 12. N1h2 Qc8 13. e5 Nxe5 14. Nxe5 dxe5 15. Rxe5 Nh5 16. Rxh5 gxh5 17. Qxh5 Bf5 18. Be4 Bxe4 19. dxe4 Qe6 20. Nf3 Qg6 21. Qxg6 hxg6 22. e5 Rbd8 23. Be3 b6 24. Kg2 e6 25. Bf4 Rd7 26. h4 c4 27. a4 a6 28. Bg5 Bf8 29. h5 Be7 30. Bf6 gxh5 31. Rh1 Bxf6 32. exf6 Rd5 33. Rh4 b5 34. g4 Kh7 35. g5 Kg6 36. Rd4 Rxd4 37. cxd4 bxa4 38. Ne5+ Kxg5 39. Nxc4 Kxf6 40. Ne5 Rg8+ 41. Kh3 Rg1 42. Nd7+ Kf5 43. Nc5 Ra1 44. Nxa6 a3 45. b3 Rh1+ 46. Kg2 a2 0-1

[Event "Collado Villalba 64 op 7th"]
[Site "Collado Villalba"]
[Date "2019.07.31"]
[Round "3"]
[White "Olmedo Alvarez, Marcos"]
[Black "Hernandez Tadeo, Gabriel"]
[Result "1/2-1/2"]
[WhiteElo "1357"]
[BlackElo "1343"]
[PlyCount "112"]
[EventDate "2019.07.29"]
[EventType "swiss"]
[EventRounds "9"]
[EventCountry "ESP"]
[SourceTitle "CBM 195 Extra"]
[Source "ChessBase"]
[SourceDate "2020.05.31"]
[SourceVersion "1"]
[SourceVersionDate "2020.05.31"]
[SourceQuality "1"]

1. e4 e5 2. Nf3 Nc6 3. g3 Nf6 4. d3 d5 5. Nbd2 Bg4 6. Bg2 dxe4 7. dxe4 Qd7 8. 0-0 0-0-0 9. h3 Bxh3 10. Bxh3 Qxh3 11. Ng5 Qd7 12. c3 h6 13. Ngf3 Nxe4 14. Qe2 Nxd2 15. Bxd2 f6 16. Rad1 Bd6 17. b4 g5 18. b5 Ne7 19. c4 Qe6 20. a4 Ng6 21. Qe3 Kb8 22. Nd4 Qxc4 23. Nc6+ bxc6 24. bxc6 h5 25. Rb1+ Ka8 26. Rb7 Qxa4 27. Qc3 Qd4 28. Rxa7+ Qxa7 29. Ra1 Bc5 30. Rxa7+ Bxa7 31. Be3 Rd4 32. Qa5 Rc8 33. Qa6 Rb8 34. Bxd4 exd4 35. Kg2 Ne7 36. Qc4 Rb6 37. Qe6 Nxc6 38. Qc8+ Bb8 39. Qf8 Ra6 40. Qxf6 d3 41. Qc3 Ba7 42. Qxd3 Ra2 43. Qe4 Rxf2+ 44. Kh3 Kb7 45. Qg6 g4+ 46. Kh4 Rh2+ 47. Kg5 Be3+ 48. Kf6 Rf2+ 49. Ke6 Re2 50. Qxh5 Bf2+ 51. Kf7 Bxg3 52. Qb5+ Kc8 53. Qxe2 Bd6 54. Ke8 Nb8 55. Qxg4+ Kb7 56. Qf3+ Kc8 1/2-1/2

[Event "Collado Villalba op-B 34th"]
[Site "Collado Villalba"]
[Date "2017.08.25"]
[Round "4"]
[White "Olmedo Alvarez, Marcos"]
[Black "Olias Munoz, Francisco"]
[Result "0-1"]
[WhiteElo "1360"]
[BlackElo "1865"]
[PlyCount "65"]
[EventDate "2017.08.22"]
[EventType "swiss"]
[EventRounds "9"]
[EventCountry "ESP"]
[SourceTitle "CBM 180 Extra"]
[Source "ChessBase"]
[SourceDate "2017.10.06"]
[SourceVersion "1"]
[SourceVersionDate "2017.10.06"]
[SourceQuality "1"]

1. e4 e6 2. d3 d5 3. Nd2 c5 4. Ngf3 Nc6 5. g3 Nf6 6. Bg2 Be7 7. 0-0 0-0 8. Re1 Qc7 9. e5 Nd7 10. Qe2 a5 11. a4 b6 12. Nf1 Ba6 13. b3 Rad8 14. h4 Rfe8 15. N1h2 f5 16. Ng5 Nf8 17. Qh5 Nd4 18. Bb2 Nxc2 19. Qf7+ Kh8 20. Nhf3 Nxa1 21. Bxa1 d4 22. h5 h6 23. Nxe6 Nxe6 24. Qxe6 Bxd3 25. Bb2 Be4 26. Rxe4 fxe4 27. Bc1 Bg5 28. Qg6 exf3 29. Bxf3 Qxe5 30. Bxg5 Qxg5 31. Qxg5 hxg5 32. Bc6 Re1+ 33. Kg2 0-1